Paul, Paulus. (Record no. 8124)
[ view plain ]
| 000 -LEADER | |
|---|---|
| fixed length control field | 00867cam a2200289 4500 |
| 001 - CONTROL NUMBER | |
| control field | 327645 |
| 003 - CONTROL NUMBER IDENTIFIER | |
| control field | GBCCL |
| 005 - DATE AND TIME OF LATEST TRANSACTION | |
| control field | 20241126110643.0 |
| 008 - FIXED-LENGTH DATA ELEMENTS--GENERAL INFORMATION | |
| fixed length control field | 710422s1971 nyu 001 0beng |
| 010 ## - | |
| -- | 75022728 |
| 040 ## - CATALOGING SOURCE | |
| Original cataloging agency | DLC |
| Transcribing agency | DLC |
| Modifying agency | DLC |
| 041 1# - | |
| -- | engger |
| 050 00 - | |
| -- | BS2506 |
| -- | .B6213 |
| 082 00 - DEWEY DECIMAL CLASSIFICATION NUMBER | |
| Classification number | 225.924 |
| -- | B |
| Item number | BOR |
| 100 1# - MAIN ENTRY--PERSONAL NAME | |
| Personal name | Bornkamm, Günther. |
| 9 (RLIN) | 8104 |
| 240 10 - | |
| -- | Paulus. |
| -- | English |
| 245 00 - TITLE STATEMENT | |
| Title | Paul, Paulus. |
| Statement of responsibility, etc. | Translated by D. M. G. Stalker. |
| 250 ## - EDITION STATEMENT | |
| Edition statement | [1st U.S. ed.] |
| 260 ## - PUBLICATION, DISTRIBUTION, ETC. | |
| Place of publication, distribution, etc. | New York, |
| Name of publisher, distributor, etc. | Harper & Row |
| Date of publication, distribution, etc. | [1971] |
| 300 ## - PHYSICAL DESCRIPTION | |
| Extent | xxviii, 259 p. |
| Dimensions | 22 cm. |
| 350 ## - PRICE (NR) (BK AM CF MU VM SE) [OBSOLETE] | |
| Price | $7.50 |
| 500 ## - GENERAL NOTE | |
| General note | Includes bibliographical references (p. 250-251) ) and indexes. |
| 600 00 - SUBJECT ADDED ENTRY--PERSONAL NAME | |
| Personal name | Paul, |
| Titles and other words associated with a name | the Apostle, Saint. |
| 9 (RLIN) | 1848 |
| 630 00 - SUBJECT ADDED ENTRY--UNIFORM TITLE | |
| Uniform title | Bible. |
| Name of part/section of a work | Epistles of Paul |
| General subdivision | Theology. |
| 9 (RLIN) | 2757 |
| 906 ## - LOCAL DATA ELEMENT F, LDF (RLIN) | |
| a | 7 |
| b | cbc |
| c | orignew |
| d | 2 |
| e | ocip |
| f | 19 |
| g | y-gencatlg |
| 942 ## - ADDED ENTRY ELEMENTS (KOHA) | |
| Source of classification or shelving scheme | Dewey Decimal Classification |
| Koha item type | Books |
| Koha issues (borrowed), all copies | 12 |
| Withdrawn status | Lost status | Source of classification or shelving scheme | Damaged status | Not for loan | Collection | Home library | Current Library | Shelving location | Date acquired | Source of acquisition | Cost, normal purchase price | Total checkouts | Total renewals | Full call number | Barcode | Date last seen | Date last checked out | Copy number | Cost, replacement price | Price effective from | Koha item type |
|---|---|---|---|---|---|---|---|---|---|---|---|---|---|---|---|---|---|---|---|---|---|
| Dewey Decimal Classification | Biblical Studies | GRACE BIBLE COLLEGE | GRACE BIBLE COLLEGE | Biblical Studies | 2019-05-14 | 13 | 270.00 | 16 | 2 | 225.924 BOR | 014948 | 2026-03-02 | 2026-02-23 | c.1 | 270.00 | 2019-05-14 | Books |